Responses for show #5493 - Wednesday, June 25, 2008

Contestants

Darrin Gershman, a graduate student originally from Coral Springs, Florida

Kathleen Ryan, a business information analyst originally from Scotia, New York

Dorothy Farrell, a researcher originally from Brooklyn, New York (whose 1-day cash winnings total $24,801)

Jeopardy! Round responses

MERLIN'S INBOX
MOVIE TITLE NAMES
(Alex: You have to identify the film, of course.)
ON THE BEACH IN RIO
BRUSH UP YOUR SHAKESPEARE
GEMS
"G" WHIZ!
    $200 21
the Round Table

Darrin
    $200 1
Michael Clayton

Kathleen
    $200 16
bossa nova

Darrin
    $200 26
Cleopatra

Darrin
    $200 6
emeralds

Kathleen
    $200 11
gander

Darrin
    $400 22
the stone

Darrin
    $400 2
Erin Brockovich

Dorothy
    $400 17
Carnaval

Kathleen
    $400 27
Othello

Kathleen
    $400 7
diamond

Darrin
    $400 12
gin

Darrin
    $600 23
the Holy Grail

Kathleen
    $600 3
Jerry Maguire

Dorothy
    $600 18
Gisele B√ľndchen

Kathleen
    $600 28
crown

Dorothy
    $600 8
rubies

Darrin
    $600 13
guru

Dorothy
    $800 24
the Lady of the Lake

Dorothy
    $800 4
(Darrin: What is Rob Roy?)

Michael Collins

KathleenDarrin
    $800 19
New Year's Eve

Triple Stumper
    $800 29
The Merry Wives of Windsor

Darrin
    $800 9
Michigan

Darrin
    $800 14
gland

Darrin
    $1000 25
Uther (Pendragon)

Dorothy
    $1000 5
Charlie Bartlett

Triple Stumper
    $1,000 20
(Kathleen: What is the Global Warning Concert?)

Live Earth

Kathleen
    $1000 30
(Alex: [*] Claudius, in Hamlet.)

the king

Darrin
    $1000 10
an opal

Kathleen
    $1000 15
grotto

Kathleen

Scores at the first commercial break (after clue 15):

Dorothy Kathleen Darrin
$1,600 $3,200 $2,400

Scores at the end of the Jeopardy! Round:

Dorothy Kathleen Darrin
$4,000 $4,200 $5,200

Double Jeopardy! Round responses

ARCHITECTURE
I KNOW THAT SONG
NIXON'S CABINET
CLASSIC TOYS
"D" IN SCIENCE
FOREIGN WORDS & PHRASES
    $400 21
Jefferson

Dorothy
    $400 6
"Take Me Out to the Ball Game"

Kathleen
    $400 16
(Alex: Replaced by Kissinger.)

Secretary of State

Darrin
    $400 11
the Rubik's Cube

Darrin
    $400 1
Down syndrome

Dorothy
    $400 26
a love note or letter

Triple Stumper
    $2,800 22
(Buckminster) Fuller

Dorothy
    $800 7
"Stand By Me"

Dorothy
    $4,000 17
Attorney General

Darrin
    $800 12
Silly Putty

Darrin
    $800 2
(Dorothy: Who is Dalton?)

Sir Humphry Davy

Dorothy
Triple Stumper
    $800 27
kowtow

Dorothy
    $1200 23
Corinthian

Dorothy
    $1200 8
two turntables and a microphone

Dorothy
    $1200 18
Secretary of Labor

Triple Stumper
    $1200 13
Slinky

Kathleen
    $1200 3
Devonian

Dorothy
    $1200 28
the colon

Darrin
    $1600 24
a portico

Kathleen
    $1600 9
(Darrin: I can't believe I just got that.)

the "Macarena"

Darrin
    $1600 19
Melvin Laird

Triple Stumper
    $1600 14
Play-Doh

Darrin
    $1600 4
degaussing

Dorothy
    $1600 29
(Darrin: What is Pater Nostra?)

Pater Noster

DorothyDarrin
    $2000 25
frieze

Kathleen
    $2000 10
"Superman"

Kathleen
    $2000 20
Health, Education & Welfare

Triple Stumper
    $2000 15
Raggedy Ann

Dorothy
    $2000 5
the dalton

Dorothy
    $2000 30
(Kathleen: What is to string a racket?)
...
(Alex: There is a French verb called "corder", which means to string. "Recorder" means to [*] your racket.)

restring

Kathleen
Triple Stumper

Scores at the end of the Double Jeopardy! Round:

Dorothy Kathleen Darrin
$19,200 $9,400 $13,600

[wagering suggestions for these scores]

Final Jeopardy! Round responses

THE HEISMAN TROPHY
KathleenWho is Reggie Bush?
$9,000
DarrinWho is Reggie Bush
$5,601
DorothyWho is Johnson Bush
$8,001
Reggie Bush or Bo Jackson

Final scores:

Dorothy Kathleen Darrin
$27,201 $18,400 $19,201
2-day champion: $52,002 3rd place: $1,000 2nd place: $2,000

Game dynamics:

Coryat scores:

Dorothy Kathleen Darrin
$17,200 $10,400 $10,400
18 R
(including 1 DD),
1 W
14 R,
2 W
(including 1 DD)
19 R
(including 1 DD),
2 W

Combined Coryat: $38,000

The J! Archive is created by fans, for fans. The Jeopardy! game show and all elements thereof, including but not limited to copyright and trademark thereto, are the property of Jeopardy Productions, Inc. and are protected under law. This website is not affiliated with, sponsored by, or operated by Jeopardy Productions, Inc. Join the discussion at JBoard.tv.